Locutions latines juridiques / (Record no. 125120)

MARC details
000 -LEADER
campo de control de longitud fija 01025 a2200301 4500
003 - IDENTIFICADOR DE NÚMERO DE CONTROL
campo de control BJBSDDR
005 - FECHA Y HORA DE LA ÚLTIMA TRANSACCIÓN
campo de control 20260423115251.0
007 - CAMPO FIJO DE DESCRIPCIÓN FÍSICA--INFORMACIÓN GENERAL
campo de control de longitud fija ta
008 - DATOS DE LONGITUD FIJA--INFORMACIÓN GENERAL
campo de control de longitud fija 250910s2007 fr 00| 0 fre d
020 ## - NÚMERO INTERNACIONAL ESTÁNDAR DEL LIBRO
Número Internacional Estándar del Libro 9782247070787
020 ## - NÚMERO INTERNACIONAL ESTÁNDAR DEL LIBRO
Número Internacional Estándar del Libro 2247070787
040 ## - FUENTE DE CATALOGACIÓN
Lengua de catalogación eng
Centro/agencia transcriptor BJBSDDR
041 ## - CÓDIGO DE IDIOMA
Código de lengua del texto/banda sonora o título independiente fre
050 14 - SIGNATURA TOPOGRÁFICA DE LA BIBLIOTECA DEL CONGRESO
Número de clasificación R K 50
Número de ítem L819 2007
245 00 - MENCIÓN DEL TÍTULO
Título Locutions latines juridiques /
Mención de responsabilidad, etc. [édité par Serge Guinchard et Gabriel Montagnier].
250 ## - MENCION DE EDICION
Mención de edición [Nouvelle édition]
260 ## - PUBLICACIÓN, DISTRIBUCIÓN, ETC.
Lugar de publicación, distribución, etc. [Paris] :
Nombre del editor, distribuidor, etc. Editions Dalloz,
Fecha de publicación, distribución, etc. 2007
300 ## - DESCRIPCIÓN FÍSICA
Extensión vi, 118 pages :
Otras características físicas couv. illustrations en coul. ;
Dimensiones 12 cm.
490 1# - MENCIÓN DE SERIE
Mención de serie À savoir
500 ## - NOTA GENERAL
Nota general Extr. du "Lexique des termes juridiques" de Dalloz
500 ## - NOTA GENERAL
Nota general Extrait, pour l'essentiel, de: Lexique des termes juridiques, de Raymond Guillien.
650 #4 - PUNTO DE ACCESO ADICIONAL DE MATERIA--TÉRMINO DE MATERIA
Término de materia o nombre geográfico como elemento de entrada Derecho
Subdivisión de forma Diccionarios
9 (RLIN) 15575
700 1# - ENTRADA AGREGADA--NOMBRE PERSONAL
Nombre de persona Guinchard, Serge,
Fechas asociadas al nombre 1946-
9 (RLIN) 5017
Término indicativo de función/relación editor
700 1# - ENTRADA AGREGADA--NOMBRE PERSONAL
Nombre de persona Montagnier, Gabriel,
Fechas asociadas al nombre 1932-2009
9 (RLIN) 35134
Término indicativo de función/relación editor
830 #0 - PUNTO DE ACCESO ADICIONAL DE SERIE-TÍTULO UNIFORME
Título uniforme À savoir (Paris)
9 (RLIN) 46189
942 ## - ELEMENTOS DE ENTRADA SECUNDARIOS (KOHA)
Fuente del sistema de clasificación o colocación Clasificación de Library of Congress
Tipo de ítem Koha Libro
946 ## - PROCESAMIENTO DE INFORMACIÓN LOCAL (OCLC)
Iniciales del agente catalogador rmza
Holdings
Estatus retirado Estado de pérdida Fuente del sistema de clasificación o colocación Estado de daño No para préstamo Colección Biblioteca de origen Biblioteca actual Ubicación en estantería Fecha de adquisición Signatura topográfica completa Código de barras Visto por última vez Copia número Tipo de ítem Koha
    Clasificación de Library of Congress     Referencia Biblioteca Juan Bosch Biblioteca Juan Bosch Ciencias Sociales (3er. Piso) 23/04/2026 R K 50 L819 2007 00000189448 23/04/2026 1 Libro